Project Management : planificar, ejecutar y controlar un proyecto en forma eficiente /

Contenido: 1. Conceptos generales; 2. El valor de una metodología; 3. Definir el trabajo de un proyecto; 4. Construir el cronograma del proyecto; 5. Definir los costos de un proyecto; 6. Asegurar la calidad del proyecto; 7. Gerenciar los riesgos del proyecto; 8. Gerenciar las comunicaciones del proy...

Бүрэн тодорхойлолт

-д хадгалсан:
Номзүйн дэлгэрэнгүй
Үндсэн зохиолч: Perna, Norberto (autor)
Формат: Ном
Хэл сонгох:испани
Хэвлэсэн: Buenos Aires, Argentina : MP Ediciones, 2005, c2005
Цуврал:(Professional Tools)
Нөхцлүүд:
Шошгууд: Шошго нэмэх
Шошго байхгүй, Энэхүү баримтыг шошголох эхний хүн болох!

MARC

LEADER 00000nam^a2200000^a^4500
001 000194927
005 20250521000000.0
009 20260310102735.627
020 |a 987-526-319-2 
037 |a Acervo ITESO - Biblioteca 
041 |a ESP 
082 |a 658. 404  |b PER 
100 |a Perna, Norberto  |e (autor) 
245 1 0 |a Project Management :  |b planificar, ejecutar y controlar un proyecto en forma eficiente /  |c N. Perna. 
264 4 |a Buenos Aires, Argentina :  |b MP Ediciones,  |c 2005, c2005 
300 |a 224 p. 
336 |a texto  |b txt  |2 rdacontenido 
337 |a sin mediación  |b n  |2 rdamedio 
338 |a volumen  |b nc  |2 rdasoporte 
440 1 |a (Professional Tools) 
520 |a Contenido: 1. Conceptos generales; 2. El valor de una metodología; 3. Definir el trabajo de un proyecto; 4. Construir el cronograma del proyecto; 5. Definir los costos de un proyecto; 6. Asegurar la calidad del proyecto; 7. Gerenciar los riesgos del proyecto; 8. Gerenciar las comunicaciones del proyecto; 9. Gerenciar los recursos humanos del proyecto; Apéndice: Caso de Earned Value. 
649 |a XX 
650 |a Administración de Proyectos -  |x Tema Principal 
650 |a Paquetes (Software) 
650 |a Sistemas de Información 
650 |a Tecnologías de Comunicación e Información 
650 |a Informática 
650 |a Riesgo Económico 
650 |a Control Administrativo 
650 |a Control de Calidad 
650 |a Planeación Administrativa 
650 |a Planeación Estratégica 
650 |a Proceso Administrativo -  |x Dirección 
650 |a Administración 
650 |a Ciencias Administrativas 
910 |a Fondo General 
920 |a Impresos - Libros 
930 |a Colección General 
905 |a 101 
901 |a 0500140401  |b IT1  |c ACC  |u 20250521 
901 |a 0500140404  |b IT1  |c ACC  |u 20250521 
902 |a https://opac.biblio.iteso.mx/vufind/Record/000194927